[Event "Attica-ch U14 Girls"]
[Site "Peristeri"]
[Date "2012.04.20"]
[Round "5"]
[White "Rigou, Konstantina"]
[Black "Kokkota, Eleni"]
[Result "0-1"]
[WhiteElo "1005"]
[BlackElo "1456"]
[PlyCount "82"]
[EventDate "2012.04.17"]
[EventType "swiss"]
[EventRounds "7"]
[EventCountry "GRE"]
[SourceTitle "EXT 2024"]
[Source "ChessBase"]
[SourceDate "2023.10.10"]
[SourceVersion "1"]
[SourceVersionDate "2023.10.10"]
[SourceQuality "1"]

1. d4 Nf6 2. c4 e6 3. Nc3 Bb4 4. Bd2 c5 5. e3 Nc6 6. Nf3 d6 7. Bd3 0-0 8. 0-0 Re8 9. Be2 b6 10. Qc2 Bb7 11. a3 Ba5 12. Rfd1 Bxc3 13. Bxc3 d5 14. b4 cxd4 15. exd4 Ne4 16. c5 Ne7 17. Rab1 Ng6 18. Bb5 Re7 19. Bd2 Qc7 20. Rbc1 Rc8 21. Bd3 Nxd2 22. Qxd2 f6 23. Bxg6 hxg6 24. Nh4 Kf7 25. cxb6 Qxb6 26. Rxc8 Bxc8 27. Qd3 f5 28. Nf3 Qa6 29. Qxa6 Bxa6 30. Ne5+ Kf6 31. Nc6 Rc7 32. Rc1 Rc8 33. Kh1 Bb5 34. Kg1 Rxc6 35. Rxc6 Bxc6 36. Kf1 Bb5+ 37. Ke1 e5 38. dxe5+ Kxe5 39. f3 d4 40. Kf2 d3 41. Ke1 Kf4 0-1